000 00621nam a2200193Ia 4500
005 20260114185745.0
008 008 260114s9999 xx 000 0 eng d
020 _a9781350233683
037 _aEBOOK
040 _aCRL
_beng
_cCRL
041 _aeng
_2eng
084 _qCRL
100 _aJacqueline Ignatova
_9874018
245 0 _aContesting Africa?s New Green Revolution Biotechnology and Philanthrocapitalist Development in Ghana
260 _bBloomsbury
_c2021
856 _uhttps://doi.org/10.5040/9781350233683?locatt=label:secondary_bloomsburyCollections
942 _cEBOOK
999 _c1472954
_d1472954